Thomas Gosler - mestský notár a hudobný skladateľ v Kežmarku v prvej polovici 17. storočia

Bibliographic Details
Main Author: Petőczová, Janka, 1962- (Author)
Format: Article
Language:Slovak
ISSN:0231-6722
Subjects:

MARC

LEADER 00000nab a2200000 a 4500
001 vtls000673811
003 SK-MaSNL
005 20260305031539.0
008 250425c1998 xo 0 slo
015 |a SNBRB1998/09-25148 
035 |a CLN000025987 
035 |a urn:nbn:sk:snk-ab7hi6 
035 |a (urnnbn)urn:nbn:sk:snk:ar-005sti 
035 |a (uuid)eeb5fea2-cd83-40e9-a418-02fa050d202f 
040 |a SNKBUCL  |b slo  |c SNKBUCL  |e AACR2 
041 0 |a slo 
044 |a xo  |c SK 
080 |a 78.071.1  |2 1997 
080 |a 943.76-051"16"  |2 1997 
080 |a 929 Gosler, Thomas  |2 1997 
100 1 |a Petőczová, Janka,  |d 1962-  |4 aut  |9 104631 
245 1 0 |a Thomas Gosler - mestský notár a hudobný skladateľ v Kežmarku v prvej polovici 17. storočia  |c Janka Petöczová 
504 |a Res. angl., nem. 
504 |a Bibliogr. odkazy 
600 1 7 |a Gosler, Thomas  |d 17. stor  |2 snkbucl  |9 92984 
651 7 |a Kežmarok (Slovensko : okres)  |2 snkbucl  |9 51824 
655 7 |a články z novín a časopisov  |2 snkbucl  |9 267496 
773 0 |t Slovenská archivistika  |g Roč. 33, č. 2 (1998), s. 106-122  |x 0231-6722 
850 |a Slovenská národná knižnica 
852 |a Slovenská národná knižnica 
954 |a odborná, vedecká literatúra pôvodná (slovenská)  |2 lita 
958 |a article7 
958 |a SK 
958 |a BX 
958 |a NB 
958 |a OND 
958 |a EUIPO 
992 |a RBX 
999 |c 3316541  |d 3318471